000 00813nam a2200301Ia 4500
008 160803s9999 xx 000 0 und d
020 _a978-0060573966
100 _aBerenstain, Jan
245 4 _aThe Berenstain Bears and the Nutcracker /
245 _cJan & Mike Berenstain.
260 _aNew York :
260 _bScholastic Inc.
260 _c2011
300 _a1 volume (unpaged) :
300 _bcolor illustrations ;
300 _c21 cm
650 _aBears --
650 _aBerenstain Bears (Fictitious characters) --
650 _aChristmas --
650 _aImagination --
650 _aNutcracker (Choreographic work) --
650 _xFiction.
650 _xFiction.
650 _xFiction.
650 _xJuvenile fiction.
650 _xJuvenile fiction.
700 _a530
999 _c298369
_d298369